Culture générale FRANCE - Statistiques

Statistiques générales
  • Ce quiz a été pris 169 fois
  • Le résultat moyen est 7 sur 15
Statistiques - réponses
Hint Réponse % Correct
Quel duo français de musique électronique porte des casques futuristes Daft Punk
84%
Quel chef gaulois triomphe à Gergovie avant d’être vaincu à Alésia Vercingétorix
84%
Quel roi de France a régné le plus longtemps Louis XIV
79%
Quel acteur incarne OSS 117 dans les films modernes Jean Dujardin
77%
Quel massif français abrite le plus grand volcan d’Europe Le Massif central
68%
Quel roi fonde réellement l’État capétien en 987 Hugues Capet
65%
Quels rappeurs ont sorti l’album Deux Frères PNL
61%
Quelle artiste française a chanté “Voyage, voyage” Desireless
45%
Quel explorateur français prend possession du Canada au nom du roi en 1534 Jacques Cartier
41%
Quel chanteur français est surnommé “L’Idole des jeunes” Johnny Hallyday
40%
Quel est le département métropolitain le moins peuplé La Lozère
35%
Quel ministre de Louis XIV crée les manufactures royales et développe la marine de guerre Colbert
29%
Qui est le réalisateur de Les 400 coups François Truffaut
18%
Elle-est rentrée dans une litière... Elodie Costa
0%
Dans Les Visiteurs, quel est le nom du sorcier Eusaebius
0%
Aucun quiz correspondant
Distribution des résultats
% des personnes avec chaque résultat
Percentile par nombre de réponses
Votre historique - résultats
Vous n’avez pas pris ce quiz